[Event "Hradec Kralove op 13th"]
[Site "Hradec Kralove"]
[Date "2023.11.07"]
[Round "4"]
[White "Fryc, Lukas"]
[Black "Kolesar, Milan"]
[Result "1-0"]
[WhiteElo "1857"]
[BlackElo "2097"]
[PlyCount "69"]
[EventDate "2023.11.04"]
[EventType "swiss"]
[EventRounds "9"]
[EventCountry "CZE"]
[SourceTitle "CB46_2023"]
[SourceDate "2023.11.15"]
[SourceVersion "1"]
[SourceVersionDate "2023.11.15"]
[SourceQuality "1"]

1. d4 d5 2. c4 c6 3. cxd5 cxd5 4. Nc3 Nf6 5. f3 Nc6 6. e4 e6 7. e5 Nd7 8. f4 Be7 9. Nf3 0-0 10. Bd3 f5 11. 0-0 a6 12. Be3 b5 13. Rc1 Na5 14. b3 Bb7 15. Ng5 Bxg5 16. fxg5 Nxe5 17. dxe5 d4 18. Bxf5 dxe3 19. Bxh7+ Kxh7 20. Qh5+ Kg8 21. g6 Rf2 22. Qh7+ Kf8 23. Qh8+ Ke7 24. Qxg7+ Ke8 25. Rxf2 exf2+ 26. Kxf2 Qd4+ 27. Ke2 Qg4+ 28. Ke1 Qh4+ 29. g3 Qe7 30. Qh8+ Kd7 31. Rd1+ Kc7 32. Qf6 Re8 33. g7 Nc6 34. Rd6 Rg8 35. Rxc6+ 1-0

[Event "SVK-ch Amateurs"]
[Site "Liptovsky Jan"]
[Date "2023.06.17"]
[Round "5"]
[White "Skreko, Igor1111"]
[Black "Fryc, Lukas"]
[Result "1-0"]
[WhiteElo "2116"]
[BlackElo "1827"]
[PlyCount "109"]
[EventDate "2023.06.15"]
[EventType "swiss"]
[EventRounds "8"]
[EventCountry "SVK"]
[SourceTitle "CBM 214 Extra"]
[Source "ChessBase"]
[SourceDate "2023.07.31"]
[SourceVersion "1"]
[SourceVersionDate "2023.07.31"]
[SourceQuality "1"]

1. d4 Nf6 2. c4 e6 3. Nc3 d5 4. cxd5 Nxd5 5. e4 Nxc3 6. bxc3 c5 7. Nf3 cxd4 8. cxd4 Bb4+ 9. Bd2 Bxd2+ 10. Qxd2 0-0 11. Bc4 Nd7 12. 0-0 b6 13. Rfe1 Bb7 14. Rad1 Rc8 15. Bb3 Qf6 16. Re3 Rfd8 17. Qe2 Rc7 18. h4 h6 19. d5 exd5 20. e5 Qe7 21. e6 Nc5 22. exf7+ Qxf7 23. Ne5 Qf6 24. Ng4 Qf7 25. Rd4 Nxb3 26. axb3 Bc8 27. Ne5 Rc1+ 28. Kh2 Qf5 29. Nd3 Rc7 30. Re5 Qf6 31. g3 Ba6 32. Rf4 Qd6 33. Re8+ Kh7 34. Re6 Qd7 35. Qe3 Bxd3 36. Qxd3+ Kh8 37. Qg6 d4 38. Rfe4 Rg8 39. Re8 Rc8 40. R8e7 Qc6 41. R4e6 Qc1 42. Qh5 Rc6 43. Re1 Qc2 44. R7e2 Qxb3 45. Re8 Qc2 46. Rxg8+ Kxg8 47. Re8+ Kh7 48. Rf8 Qc5 49. Qf3 Qc2 50. Qd5 Rf6 51. Qg8+ Kg6 52. h5+ Kxh5 53. Rxf6 gxf6 54. Kh3 f5 55. g4+ 1-0

[Event "SVK-ch Amateurs"]
[Site "Liptovsky Jan"]
[Date "2023.06.16"]
[Round "3"]
[White "Fryc, Lukas"]
[Black "Slivka, Vasil"]
[Result "1-0"]
[WhiteElo "1827"]
[BlackElo "1554"]
[PlyCount "103"]
[EventDate "2023.06.15"]
[EventType "swiss"]
[EventRounds "8"]
[EventCountry "SVK"]
[SourceTitle "CBM 214 Extra"]
[Source "ChessBase"]
[SourceDate "2023.07.31"]
[SourceVersion "1"]
[SourceVersionDate "2023.07.31"]
[SourceQuality "1"]

1. Nf3 Nf6 2. g3 g6 3. Bg2 Bg7 4. d4 d6 5. 0-0 0-0 6. b3 c5 7. e3 Nc6 8. Bb2 cxd4 9. exd4 d5 10. Ne5 e6 11. Nxc6 bxc6 12. Nc3 Ba6 13. Re1 Nd7 14. Ba3 Re8 15. Na4 Bf8 16. Bxf8 Kxf8 17. b4 Bc8 18. f4 a5 19. c3 Ba6 20. a3 Bb5 21. Nb2 a4 22. Qd2 Kg7 23. Re3 Qf6 24. Rae1 Nb6 25. Bf3 Nc4 26. Nxc4 Bxc4 27. Bd1 Bb5 28. Bc2 Ra7 29. Re5 h6 30. Kg2 Bc4 31. h3 Rea8 32. Qf2 Bb3 33. Bd3 Rb8 34. R1e3 Rd8 35. g4 Bc4 36. Bxc4 dxc4 37. Rc5 Rd6 38. Rxc4 Rb7 39. Kg3 Rb5 40. Re5 Rbd5 41. Rc5 Qd8 42. Ra5 Qb6 43. Qe2 Rd7 44. f5 exf5 45. gxf5 Rxa5 46. Rxa5 Qc7+ 47. Qe5+ Qxe5+ 48. Rxe5 gxf5 49. Kf4 Kg6 50. Rxf5 Rd5 51. Rxd5 cxd5 52. b5 1-0